000 00817nac a22002777a 4500
001 BR0502880
003 BR-BrBNA
005 20240105123147.0
008 230509b bl.|||m| |||| 00| 0 por d
040 _aBR-BrBNA
_bpor
_cBiblioteca Nacional de Agricultura
072 _aL01
090 _a5600 BR0502880
100 1 _aPenha, A.M.
110 1 _aInstituto Biológico, São Paulo, SP (Brasil)
_95694
245 1 _aComo iniciar uma criação de coelhos
250 1 _a3. ed.
260 3 _aSão Paulo, SP (Brasil):
_c1969.
300 _a25 p.
490 _aPublicação - Instituto Biológico (Brazil)
_vno. 119
_x
500 _aSummary (Pt); 8 illus.
650 _aCOELHO
650 _aCRIAÇÃO
650 _aPRODUÇÃO ANIMAL
909 _a202312
_bLúcia Elande
_c55
_dLúcia Elande
942 _2AGRIS
_n0
_cMS
999 _c294250
_d294250